000 00758nam a2200253Ia 4500
003 OSt
005 20220916110919.0
006 a|||||r|||| 00| 0
007 ta
008 220915b |||||||| |||| 00| 0 hin d
024 _a215273
037 _cTextbook
040 _bhin
_aARTS
_cARTS
041 _ahin
082 _aO152:g, J4
100 _aतिवारी, हंसकुमार
245 0 _aसाहित्यायन
246 _aSāhityāyana
260 _aगया
_bमानसरोवर भारत
_c1954
300 _a160पृ0
_ccm.
650 _aहिन्दी साहित्य
942 _hO152:g, J4
_cTB
_2CC
999 _c101251
_d101251